Elementos para un modelo prospectivo internacional /

Guardat en:
Dades bibliogràfiques
Autor principal: Pérez, Romeo
Format: Text
Etiquetes: Afegir etiqueta
Sense etiquetes, Sigues el primer a etiquetar aquest registre!

MARC

LEADER 00000 a a2200000 04500
001 2695
003
040
100 |a Pérez, Romeo  
245 |a Elementos para un modelo prospectivo internacional /  |c Romeo Pérez 
773 |g número 9; páginas 33-54  
999 |c 20684  |d 20684